O Pintor e o Pássaro (Registo nº 4371)
[ vista simples ]
| 000 -Etiqueta do registo | |
|---|---|
| Cabeçalho | 00400nam a2200157 4500 |
| 005 - Identificador da versão | |
| Campo de controlo | 20240813122059.0 |
| 100 ## - Dados gerais de processamento | |
| Dados gerais de processamento | 20110328d c y0pory5003 ba |
| 102 ## - Pais de publicação ou produção | |
| País de publicação | Portugal |
| 101 1# - Língua de publicação | |
| Língua do texto, banda sonora, etc. | Português |
| 200 1# - Titulo e menção de responsabilidade | |
| Título próprio | O Pintor e o Pássaro |
| Primeira menção de responsabilidade | Max Velthuijs |
| Outras menções de responsabilidade | trad. Idalina Sá da Costa |
| 225 1# - Colecção | |
| Título próprio da colecção | moinho de vento |
| Indicação de volume | 3 |
| 210 ## - Publicação, Distribuição, etc. | |
| Lugar da edição, distribuição, etc. | Lisboa |
| Nome do editor, distribuidor, etc. | Livraria Sá da Costa Editora |
| 942 ## - Elementos de entrada adicionados (Koha) | |
| Tipo de item no Koha | Livro |
| Situação do levantamento | Origin of item (home branch) (coded) | Biblioteca de empréstimo | Código de barras | Cota | Circulation type (not for loan) | Tipo de documento | Nota do exemplar | Damaged status |
|---|---|---|---|---|---|---|---|---|
| Biblioteca Escolar das Vendas | Biblioteca Escolar das Vendas | BEV537 | 8EST VEL | Livro | Sem mensagem |
